Ati rudra maha yajna (Record no. 2417)

MARC details
000 -LEADER
fixed length control field 00733 a2200193 4500
010 ## - LIBRARY OF CONGRESS CONTROL NUMBER
LC control number ENG-85412
020 ## - INTERNATIONAL STANDARD BOOK NUMBER
Terms of availability 15.00
International Standard Book Number 8172084633
035 ## - SYSTEM CONTROL NUMBER
System control number EN-68945
037 ## - SOURCE OF ACQUISITION
Source of stock number/acquisition D.B.Act / Pub
082 14 - DEWEY DECIMAL CLASSIFICATION NUMBER
Classification number 230.52
090 ## - LOCALLY ASSIGNED LC-TYPE CALL NUMBER (OCLC); LOCAL CALL NUMBER (OCLC)
-- 2458
-- 2458
100 1# - MAIN ENTRY--PERSONAL NAME
Personal name Sathya Sai Baba
245 1# - TITLE STATEMENT
Title Ati rudra maha yajna
Statement of responsibility, etc by Sathya Sai Baba
Remainder of title divine discourses from 9th to 19th Aug. 2006
260 ## - PUBLICATION, DISTRIBUTION, ETC. (IMPRINT)
Place of publication, distribution, etc Prasanthi Nilayam
Name of publisher, distributor, etc Sri Sathya Sai Books & Publications Trust
Date of publication, distribution, etc 2006
270 ## - ADDRESS
Address Anantapur Disitrict,
City Prasanthi Nilayam , Andhra Pradesh
Postal code 515 134
Telephone number 091-08555-287375
Fax number 091-08555-287236
300 ## - PHYSICAL DESCRIPTION
Extent 121 p.
Dimensions 18 cm. (Pbk.)
942 ## - ADDED ENTRY ELEMENTS (KOHA)
Institution code [OBSOLETE] dpl
Koha item type English Books
Call number prefix 230.52 / SAT
Holdings
Withdrawn status Lost status Source of classification or shelving scheme Damaged status Not for loan Collection code Home library Current library Source of acquisition Cost, normal purchase price Total Checkouts Full call number Barcode Date last seen Copy number Uniform Resource Identifier Cost, replacement price Price effective from Koha item type
    Dewey Decimal Classification   Not For Loan Non-fiction D.B.Act.Division D.B.Act.Division DBAD/PUB 15.00   230.52 SAT EN-68945 15/09/2008 1 2551 15.00 15/09/2008 English Books

© Delhi Public Library
Hit Counter
free hit counter